000 00617nam a2200181Ia 4500
003 GCL
008 140319s9999 xx 000 0 ara d
040 _aGCL /
_cGCL
082 0 4 _a601
_bج ع
100 1 _aجمال الدين محمد موسى
245 1 0 _aالعلم ومستقبل الانسان /
_cجمال الدين محمد موسى
260 _aالقاهرة :
_bمطبعة المقتطف والمقطم ،
_c1948
300 _a135 ص ؛
_c24سم
650 0 4 _aالاسلحة الذرية
650 0 4 _aالعلوم التطبيقية
650 0 4 _aالاقمار الصناعية
942 _2ddc
_cBK
999 _c45017
_d45017